000 00522nam a2200169Ia 4500
003 OSt
005 20200602120508.0
008 190216s9999||||xx |||||||||||||| ||und||
020 _a8185076
040 _coclc
082 _a333.3154
_bKUR/P
100 _aKurup, K K N
_91879
_d1939- author.
245 0 _aPeasantry Nationalism And Social Change In India /
_cK K N Kurup
260 _bChugh Publications,
_c1991.
_aAllahabad:
300 _a191p
942 _cBK
_2ddc
_h333.3154
_iKUR/P
_k333.3154
_mKUR/P
999 _c20285
_d20285